<?xml version="1.0" encoding="UTF-8"?>
<record
    xmlns:xsi="http://www.w3.org/2001/XMLSchema-instance"
    xsi:schemaLocation="http://www.loc.gov/MARC21/slim http://www.loc.gov/standards/marcxml/schema/MARC21slim.xsd"
    xmlns="http://www.loc.gov/MARC21/slim">

  <leader>00274nam a22001097a 4500</leader>
  <datafield tag="040" ind1=" " ind2=" ">
    <subfield code="c">SK</subfield>
  </datafield>
  <datafield tag="082" ind1=" " ind2=" ">
    <subfield code="a">959</subfield>
  </datafield>
  <datafield tag="100" ind1=" " ind2=" ">
    <subfield code="a">&#x178F;&#x17D2;&#x179A;&#x17B9;&#x1784; &#x1784;&#x17B6;</subfield>
  </datafield>
  <datafield tag="245" ind1=" " ind2=" ">
    <subfield code="a">&#x1794;&#x17D2;&#x179A;&#x179C;&#x178F;&#x17D2;&#x178F;&#x179F;&#x17B6;&#x179F;&#x17D2;&#x179A;&#x17D2;&#x178F;&#x1781;&#x17D2;&#x1798;&#x17C2;&#x179A;</subfield>
  </datafield>
  <datafield tag="260" ind1=" " ind2=" ">
    <subfield code="a">Phnom Penh</subfield>
    <subfield code="b">&#x178F;&#x17D2;&#x179A;&#x17B9;&#x1784;</subfield>
    <subfield code="c">1973</subfield>
  </datafield>
  <datafield tag="942" ind1=" " ind2=" ">
    <subfield code="c">KB</subfield>
  </datafield>
  <datafield tag="999" ind1=" " ind2=" ">
    <subfield code="c">8428</subfield>
    <subfield code="d">8428</subfield>
  </datafield>
  <datafield tag="952" ind1=" " ind2=" ">
    <subfield code="0">0</subfield>
    <subfield code="1">0</subfield>
    <subfield code="4">0</subfield>
    <subfield code="6">959_000000000000000_&#x178F;&#x179A;&#x17B9;&#x1784;_1973_C305</subfield>
    <subfield code="7">0</subfield>
    <subfield code="9">48294</subfield>
    <subfield code="a">LBC</subfield>
    <subfield code="b">LBC</subfield>
    <subfield code="c">C305</subfield>
    <subfield code="d">2016-07-27</subfield>
    <subfield code="o">959  &#x178F;&#x17D2;&#x179A;&#x17B9;&#x1784; 1973 C305</subfield>
    <subfield code="p">RUA035048</subfield>
    <subfield code="r">2016-07-27</subfield>
    <subfield code="y">KB</subfield>
  </datafield>
  <datafield tag="952" ind1=" " ind2=" ">
    <subfield code="0">0</subfield>
    <subfield code="1">0</subfield>
    <subfield code="4">0</subfield>
    <subfield code="6">959_000000000000000_&#x178F;&#x179A;&#x17B9;&#x1784;_1973_C305</subfield>
    <subfield code="7">0</subfield>
    <subfield code="9">48295</subfield>
    <subfield code="a">LBC</subfield>
    <subfield code="b">LBC</subfield>
    <subfield code="c">C305</subfield>
    <subfield code="d">2016-07-27</subfield>
    <subfield code="o">959  &#x178F;&#x17D2;&#x179A;&#x17B9;&#x1784; 1973 C305</subfield>
    <subfield code="p">RUA034918</subfield>
    <subfield code="r">2016-07-27</subfield>
    <subfield code="y">KB</subfield>
  </datafield>
  <datafield tag="952" ind1=" " ind2=" ">
    <subfield code="0">0</subfield>
    <subfield code="1">0</subfield>
    <subfield code="4">0</subfield>
    <subfield code="6">959_000000000000000_&#x178F;&#x179A;&#x17B9;&#x1784;_1973_C305</subfield>
    <subfield code="7">0</subfield>
    <subfield code="9">48297</subfield>
    <subfield code="a">LBC</subfield>
    <subfield code="b">LBC</subfield>
    <subfield code="c">C305</subfield>
    <subfield code="d">2016-07-27</subfield>
    <subfield code="o">959  &#x178F;&#x17D2;&#x179A;&#x17B9;&#x1784; 1973 C305</subfield>
    <subfield code="p">RUA034858</subfield>
    <subfield code="r">2016-07-27</subfield>
    <subfield code="y">KB</subfield>
  </datafield>
  <datafield tag="952" ind1=" " ind2=" ">
    <subfield code="0">0</subfield>
    <subfield code="1">0</subfield>
    <subfield code="4">0</subfield>
    <subfield code="6">959_000000000000000_&#x178F;&#x179A;&#x17B9;&#x1784;_1973_C305</subfield>
    <subfield code="7">0</subfield>
    <subfield code="9">48298</subfield>
    <subfield code="a">LBC</subfield>
    <subfield code="b">LBC</subfield>
    <subfield code="c">C305</subfield>
    <subfield code="d">2016-07-27</subfield>
    <subfield code="o">959  &#x178F;&#x17D2;&#x179A;&#x17B9;&#x1784; 1973 C305</subfield>
    <subfield code="p">RUA034978</subfield>
    <subfield code="r">2016-07-27</subfield>
    <subfield code="y">KB</subfield>
  </datafield>
  <datafield tag="952" ind1=" " ind2=" ">
    <subfield code="0">0</subfield>
    <subfield code="1">0</subfield>
    <subfield code="4">0</subfield>
    <subfield code="6">959_000000000000000_&#x178F;&#x179A;&#x17B9;&#x1784;_1973_C305</subfield>
    <subfield code="7">0</subfield>
    <subfield code="9">48299</subfield>
    <subfield code="a">LBC</subfield>
    <subfield code="b">LBC</subfield>
    <subfield code="c">C305</subfield>
    <subfield code="d">2016-07-27</subfield>
    <subfield code="o">959  &#x178F;&#x17D2;&#x179A;&#x17B9;&#x1784; 1973 C305</subfield>
    <subfield code="p">RUA034904</subfield>
    <subfield code="r">2016-07-27</subfield>
    <subfield code="y">KB</subfield>
  </datafield>
  <datafield tag="952" ind1=" " ind2=" ">
    <subfield code="0">0</subfield>
    <subfield code="1">0</subfield>
    <subfield code="4">0</subfield>
    <subfield code="6">959_000000000000000_&#x178F;&#x179A;&#x17B9;&#x1784;_1973_C305</subfield>
    <subfield code="7">0</subfield>
    <subfield code="9">48300</subfield>
    <subfield code="a">LBC</subfield>
    <subfield code="b">LBC</subfield>
    <subfield code="c">C305</subfield>
    <subfield code="d">2016-07-27</subfield>
    <subfield code="o">959  &#x178F;&#x17D2;&#x179A;&#x17B9;&#x1784; 1973 C305</subfield>
    <subfield code="p">RUA037312</subfield>
    <subfield code="r">2016-07-27</subfield>
    <subfield code="y">KB</subfield>
  </datafield>
  <datafield tag="952" ind1=" " ind2=" ">
    <subfield code="0">0</subfield>
    <subfield code="1">0</subfield>
    <subfield code="4">0</subfield>
    <subfield code="6">959_000000000000000_&#x178F;&#x179A;&#x17B9;&#x1784;_1973_C305</subfield>
    <subfield code="7">0</subfield>
    <subfield code="9">48301</subfield>
    <subfield code="a">LBC</subfield>
    <subfield code="b">LBC</subfield>
    <subfield code="c">C305</subfield>
    <subfield code="d">2016-07-27</subfield>
    <subfield code="o">959 &#x178F;&#x17D2;&#x179A;&#x17B9;&#x1784; 1973 C305</subfield>
    <subfield code="p">RUA034899</subfield>
    <subfield code="r">2016-07-27</subfield>
    <subfield code="y">KB</subfield>
  </datafield>
  <datafield tag="952" ind1=" " ind2=" ">
    <subfield code="0">0</subfield>
    <subfield code="1">0</subfield>
    <subfield code="4">0</subfield>
    <subfield code="6">959_000000000000000_&#x178F;&#x179A;&#x17B9;&#x1784;_1973_C305</subfield>
    <subfield code="7">0</subfield>
    <subfield code="9">48302</subfield>
    <subfield code="a">LBC</subfield>
    <subfield code="b">LBC</subfield>
    <subfield code="c">C305</subfield>
    <subfield code="d">2016-07-27</subfield>
    <subfield code="o">959 &#x178F;&#x17D2;&#x179A;&#x17B9;&#x1784; 1973 C305</subfield>
    <subfield code="p">RUA035039</subfield>
    <subfield code="r">2016-07-27</subfield>
    <subfield code="y">KB</subfield>
  </datafield>
  <datafield tag="952" ind1=" " ind2=" ">
    <subfield code="0">0</subfield>
    <subfield code="1">0</subfield>
    <subfield code="4">0</subfield>
    <subfield code="6">959_000000000000000_&#x178F;&#x179A;&#x17B9;&#x1784;_1973_C305</subfield>
    <subfield code="7">0</subfield>
    <subfield code="9">48303</subfield>
    <subfield code="a">LBC</subfield>
    <subfield code="b">LBC</subfield>
    <subfield code="c">C305</subfield>
    <subfield code="d">2016-07-27</subfield>
    <subfield code="o">959 &#x178F;&#x17D2;&#x179A;&#x17B9;&#x1784; 1973 C305</subfield>
    <subfield code="p">RUA035026</subfield>
    <subfield code="r">2016-07-27</subfield>
    <subfield code="y">KB</subfield>
  </datafield>
  <datafield tag="952" ind1=" " ind2=" ">
    <subfield code="0">0</subfield>
    <subfield code="1">0</subfield>
    <subfield code="4">0</subfield>
    <subfield code="6">959_000000000000000_&#x178F;&#x179A;&#x17B9;&#x1784;_1973_C305</subfield>
    <subfield code="7">0</subfield>
    <subfield code="9">48304</subfield>
    <subfield code="a">LBC</subfield>
    <subfield code="b">LBC</subfield>
    <subfield code="c">C305</subfield>
    <subfield code="d">2016-07-27</subfield>
    <subfield code="o">959 &#x178F;&#x17D2;&#x179A;&#x17B9;&#x1784; 1973 C305</subfield>
    <subfield code="p">RUA036424</subfield>
    <subfield code="r">2016-07-27</subfield>
    <subfield code="y">KB</subfield>
  </datafield>
</record>
